| 000 -CABECERA |
| Longitud fija campo de control |
00670nam a2200205 a 4500 |
| 003 - IDENTIFICADOR DEL NÚMERO DE CONTROL |
| Identificador del número de control |
OSt |
| 005 - FECHA Y HORA DE LA ÚLTIMA TRANSACCIÓN |
| Fecha y hora de la última transacción |
20141111181250.0 |
| 008 - CÓDIGOS DE INFORMACIÓN DE LONGITUD FIJA |
| Códigos de información de longitud fija |
140918s2014 spc|||| |||| 0|0 0 spa d |
| 017 ## - NÚMERO DE COPYRIGHT O DE DEPÓSITO LEGAL |
| Número de copyright o de depósito legal |
DL B 15923-2014 |
| Agencia que asigna el número |
Biblioteca de Catalunya |
| 020 ## - NÚMERO INTERNACIONAL NORMALIZADO PARA LIBROS |
| Número Internacional Normalizado para Libros (ISBN) |
9788498017847 (cart.) |
| 040 ## - FUENTE DE LA CATALOGACIÓN |
| Centro transcriptor |
CDMR |
| 100 1# - PUNTO DE ACCESO PRINCIPAL-NOMBRE DE PERSONA |
| Nombre de persona |
Garcia Vilanova, Ricardo |
| 245 10 - MENCIÓN DE TÍTULO |
| Título |
Libya closeup |
| Mención de responsabilidad, etc. |
Ricardo Garcia Vilanova ; prólogo: Jon Lee Anderson ; texto: Félix Flores |
| 260 ## - PUBLICACIÓN, DISTRIBUCIÓN, ETC. (PIE DE IMPRENTA) |
| Lugar de publicación, distribución, etc. |
Barcelona |
| Nombre del editor, distribuidor, etc. |
Art Blume |
| Fecha de publicación, distribución, etc. |
cop. 2012 |
| 300 ## - DESCRIPCIÓN FÍSICA |
| Extensión |
161 p. |
| Otras características físicas |
tot il. col. |
| Dimensiones |
23 x 28 cm |
| 546 ## - NOTA DE LENGUA |
| Nota de lengua |
Text en castellà i anglès |
| 651 #7 - PUNTO DE ACCESO ADICIONAL DE MATERIA - NOMBRE GEOGRÁFICO |
| Nombre geográfico |
Líbia |
| Subdivisión de materia general |
Llibres de làmines |
| Fuente del encabezamiento o término |
lemac |
| 700 1# - PUNTO DE ACCESO ADICIONAL - NOMBRE DE PERSONA |
| Nombre de persona |
Flores, Félix, |
| Fechas asociadas al nombre |
1963- |
| 942 ## - ENTRADA DE ELEMENTOS AGREGADOS (KOHA) |
| Koha [por defecto] tipo de item |
Monografies |